00853nam a22002417a 450000500170000001000110001702000100002803500110003803700160004904000120006508200170007710000320009424500730012626000450019927000420024430000340028650000520032065000510037265000160042394200260043999900190046595201270048420170124110215.0 a163240 c00.00 a163240 bCen Lib/Ret aDPLbEN a780.954bPRA aPrajnanananda, Swami938898 aThe historical development of Indian music /cby Swami Prajnanananda bFirma K.L. MukhopadhyayaaCalcuttac1960 bCalcuttaa6/1A, Banchharam Akrur Lane axxxii,438p. :c22cm(Hb)bill. aIncludes bibliographical references and index  aMusic -- India -- History and criticism938899 aMusic94778 2ddccENh780.954mPRA c133781d133781 001040718REFaLbLd2015-07-27eCen Lib/Retg0.00l0o780.954 PRAp163240r2015-07-27 00:00:00t1v0.00w2015-07-27yEN